Không gian- thời gian nghệ thuật trong tiểu thuyết Minh sư của Thái Bá Lợi
Thái Bá Lợi- cuộc đời và văn nghiệp...Không gian nghệ thuật trong tiểu thuyết Minh sư...Thời gian nghệ thuật trong tiểu thuyết Minh sư....
Bewaard in:
| Hoofdauteur: | |
|---|---|
| Andere auteurs: | |
| Formaat: | Boek |
| Taal: | Vietnamese |
| Gepubliceerd in: |
Đại học Sư Phạm
Đại học Đà Nẵng
2011
|
| Onderwerpen: | |
| Tags: |
Voeg label toe
Geen labels, Wees de eerste die dit record labelt!
|
| Thư viện lưu trữ: | Mạng thư viện Đại học Đà Nẵng |
|---|
| LEADER | 01421nam a2200325 4500 | ||
|---|---|---|---|
| 001 | 000011298 | ||
| 003 | 7537 | ||
| 005 | 20120203090242.0 | ||
| 008 | 120203s2011 viesd | ||
| 041 | |a vie | ||
| 072 | |a Khóa luận tốt nghiệp - Cử nhân văn học | ||
| 082 | |a 895.9223 |b NG-Y | ||
| 100 | 1 | |a Nguyễn, Thị Hải Yến | |
| 245 | 1 | |a Không gian- thời gian nghệ thuật trong tiểu thuyết Minh sư của Thái Bá Lợi |c Nguyễn, Thị Hải Yến | |
| 260 | |a Đại học Sư Phạm |b Đại học Đà Nẵng |c 2011 | ||
| 300 | |a 55 tr. |c 29 cm. |e Chân dung | ||
| 500 | |a Khóa luận tốt nghiệp | ||
| 520 | |a Thái Bá Lợi- cuộc đời và văn nghiệp...Không gian nghệ thuật trong tiểu thuyết Minh sư...Thời gian nghệ thuật trong tiểu thuyết Minh sư.... | ||
| 653 | |a Thái Bá Lợi |a Minh sư | ||
| 700 | |a Nguyễn, Thị Bích Hường |c Người hướng dẫn |e GVC.ThS | ||
| OWN | |a LSP | ||
| AVA | |a UDN50 |b LSP |d 895.9223 NG-Y |e available |t Error 5001 Not defined in file expand_doc_bib_avail. |f 1 |g 0 |h N |i 0 |k 1 | ||
| 999 | |a From the UDN01 | ||
| AVA | |a UDN50 |b LSP |d 895.9223 NG-Y |e available |t Error 5001 Not defined in file expand_doc_bib_avail. |f 1 |g 0 |h N |i 0 |k 1 | ||
| TYP | |a Monograph | ||
| TYP | |a Printed language | ||
| 980 | |a Mạng thư viện Đại học Đà Nẵng | ||